000 00398cam a22001457a 4500
008 180718b1959 xxu||||| |||| 00| 0 eng d
082 _aT00x54 C76
100 _aDeveki, M.A.
245 _aThe democratic alternative
_cby M.A. Deveki
260 _aBombay
_bIndian Com. for Cultural Freedom
_c1959
300 _a101p.
500 _aRs.2.50
650 _aDemocracy
650 _aEcon. Planning - India
999 _c478814
_d478814